Catálogo

Vista normal Vista MARC

Entrada Personal Name

Número de registros utilizados en: 9

001 - CONTROL NUMBER

  • control field: 5395

003 - CONTROL NUMBER IDENTIFIER

  • control field: DLC

005 - DATE AND TIME OF LATEST TRANSACTION

  • control field: 20220408110244.0

008 - FIXED-LENGTH DATA ELEMENTS

  • fixed length control field: 170825 a|ac|n|aab||||||||||||a |n|||||||

010 ## - LIBRARY OF CONGRESS CONTROL NUMBER

  • LC control number: 80159707

040 ## - CATALOGING SOURCE

  • Original cataloging agency: DLC
  • Language of cataloging: spa
  • Description conventions: rda
  • Transcribing agency: Mx-PuUPA
  • Modifying agency: Mx-PuUPA

046 ## - SPECIAL CODED DATES

  • Birth date: 18960101
  • Death date: 19951225

100 1# - HEADING--PERSONAL NAME

  • Personal name: Taracena, Alfonso,
  • Dates associated with a name: 1897-1995

374 ## - OCCUPATION

  • Occupation: Autor
  • Occupation: Historiador
  • Occupation: Periodista mexicano

375 ## - GENDER

  • Gender: hombre

377 ## - ASSOCIATED LANGUAGE

  • Language code: spa

670 ## - SOURCE DATA FOUND

  • Source citation: Biblioteca del Congreso (Estados Unidos), 31 agosto 2017:
  • Information found: catálogo electrónico:
  • Uniform Resource Identifier: https://goo.gl/Ssfmqw

670 ## - SOURCE DATA FOUND

  • Source citation: Author’s Bajo el fuego de helios ... 1928.

670 ## - SOURCE DATA FOUND

  • Source citation: La verdadera revolución mexicana, 1963:
  • Information found: portada (Alfonso Taracena)

670 ## - SOURCE DATA FOUND

  • Source citation: Wikipedia, 31 agosto 2017:
  • Information found: (Alfonso Taracena Quevedo (Cunduacán, Tabasco, 1 de enero de 1896 - México D. F., 25 de diciembre de 1995) fue un historiador y periodista mexicano, escritor de La verdadera historia de la Revolución mexicana, que consta de 19 tomos. Es uno de los principales autores mexicanos acerca de la Revolución maderista):
  • Uniform Resource Identifier: https://es.wikipedia.org/wiki/Alfonso_Taracena